[Event "Tancats Societat Coral Colon 2009 - MI"]
[Site "Sabadell ESP"]
[Date "2009.02.20"]
[Round "5.5"]
[White "Mellado Trivino, Juan"]
[Black "Tallo Dominguez, Imar"]
[Result "1/2-1/2"]
[WhiteElo "2436"]
[BlackElo "2087"]
[PlyCount "83"]
[EventDate "2009.01.23"]
[EventType "tourn"]
[EventRounds "9"]
[EventCountry "ESP"]
[EventCategory "2"]
[Source "lmi"]
[SourceDate "2009.01.23"]

1. c4 e6 2. Nf3 Nf6 3. Nc3 Bb4 4. g4 Bxc3 5. bxc3 d6 6. g5 Nfd7 7. d4 b6 8. h4
Nc6 9. e4 Na5 10. Be3 Qe7 11. Nd2 e5 12. h5 Bb7 13. Qg4 O-O-O 14. d5 Ba8 15. c5
dxc5 16. Qe2 Kb8 17. Nb3 Nb7 18. a4 Nd6 19. f3 a5 20. Rb1 Bb7 21. Nxa5 bxa5 22.
Qa6 Nb6 23. Qxa5 Ndc8 24. Qb5 Na7 25. Qb2 Nac8 26. a5 c6 27. dxc6 Bxc6 28. axb6
f5 29. gxf6 Qxf6 30. Be2 Rd7 31. Bxc5 Qf4 32. Qc1 Qf7 33. b7 Bxb7 34. Kf2 Rhd8
35. Qg5 Qe6 36. Rhd1 Nd6 37. Bxd6+ Rxd6 38. Qxg7 R8d7 39. Qf8+ Kc7 40. Rxd6
Rxd6 41. Qf5 Qe7 42. Rd1 1/2-1/2

[Event "Tancats Societat Coral Colon 2009 - MI"]
[Site "Sabadell ESP"]
[Date "2009.02.27"]
[Round "6.1"]
[White "Gonzalez Rodriguez, Jorge A"]
[Black "Tallo Dominguez, Imar"]
[Result "1-0"]
[WhiteElo "2407"]
[BlackElo "2087"]
[PlyCount "49"]
[EventDate "2009.01.23"]
[EventType "tourn"]
[EventRounds "9"]
[EventCountry "ESP"]
[EventCategory "2"]
[Source "lmi"]
[SourceDate "2009.01.23"]

1. c4 e6 2. d4 Nf6 3. Nf3 Bb4+ 4. Nbd2 b6 5. a3 Bxd2+ 6. Nxd2 Bb7 7. f3 d5 8.
e3 O-O 9. b4 c5 10. Bb2 cxd4 11. Bxd4 Nc6 12. Bb2 Qe7 13. Be2 dxc4 14. Nxc4
Rfd8 15. Qb3 Nd5 16. O-O b5 17. Nd2 Qg5 18. f4 Qg6 19. Bd3 Qh5 20. Rf3 f5 21.
Rg3 g6 22. Bxb5 a6 23. Bc4 Nce7 24. Nf3 Qh6 25. Ng5 1-0

[Event "Tancats Societat Coral Colon 2009 - MI"]
[Site "Sabadell ESP"]
[Date "2009.02.27"]
[Round "6.2"]
[White "Burgos Figueroa, Carlos E"]
[Black "Mellado Trivino, Juan"]
[Result "1/2-1/2"]
[WhiteElo "2263"]
[BlackElo "2436"]
[PlyCount "24"]
[EventDate "2009.01.23"]
[EventType "tourn"]
[EventRounds "9"]
[EventCountry "ESP"]
[EventCategory "2"]
[Source "lmi"]
[SourceDate "2009.01.23"]

1. e4 e5 2. Nc3 Nf6 3. Bc4 Bb4 4. Nf3 d6 5. d3 O-O 6. O-O Be6 7. Bb3 Nbd7 8.
Bg5 Bxc3 9. bxc3 h6 10. Bxf6 Nxf6 11. Re1 Bxb3 12. cxb3 Re8 1/2-1/2

[Event "Tancats Societat Coral Colon 2009 - MI"]
[Site "Sabadell ESP"]
[Date "2009.02.27"]
[Round "6.4"]
[White "Gonzalez, Raul Omar"]
[Black "Gual Pascual, Antonio"]
[Result "0-1"]
[WhiteElo "2343"]
[BlackElo "2447"]
[PlyCount "98"]
[EventDate "2009.01.23"]
[EventType "tourn"]
[EventRounds "9"]
[EventCountry "ESP"]
[EventCategory "2"]
[Source "lmi"]
[SourceDate "2009.01.23"]

1. d4 d5 2. c3 Nf6 3. Nf3 e6 4. e3 Bd6 5. Bd3 O-O 6. O-O Nbd7 7. Nbd2 e5 8.
dxe5 Nxe5 9. Nxe5 Bxe5 10. h3 Re8 11. Nf3 Bd6 12. b3 a5 13. Bb2 a4 14. c4 dxc4
15. Bxc4 a3 16. Bd4 Ne4 17. Rc1 Ng5 18. Nxg5 Qxg5 19. f4 Qg6 20. Rf3 Bf5 21.
Kh2 Qh6 22. Rg3 Bg6 23. Kh1 Rad8 24. Qg4 Bxf4 25. Bxg7 Kxg7 26. exf4 Re4 27.
Rf1 Rdd4 28. Qf5 Rxf4 29. Qe5+ Kf8 30. Re3 Kg8 31. Rfe1 Qg7 32. Qxc7 h5 33.
Qxb7 Rf2 34. Rg3 h4 35. Rg4 Rxg4 36. Qc8+ Kh7 37. Qxg4 Qf6 38. b4 Rf4 39. Qe2
Re4 40. Qxe4 Bxe4 41. Rxe4 Kh6 42. b5 Kg5 43. Kg1 Qb6+ 44. Kh1 f5 45. Re1 Qc5
46. Bd3 Qf2 47. Rb1 Qd2 48. Bc4 Qc2 49. Rb4 Qd1+ 0-1

[Event "Tancats Societat Coral Colon 2009 - MI"]
[Site "Sabadell ESP"]
[Date "2009.02.27"]
[Round "6.5"]
[White "Ryan, Joseph"]
[Black "Avila Jimenez, Javier"]
[Result "1/2-1/2"]
[WhiteElo "2281"]
[BlackElo "2221"]
[PlyCount "101"]
[EventDate "2009.01.23"]
[EventType "tourn"]
[EventRounds "9"]
[EventCountry "ESP"]
[EventCategory "2"]
[Source "lmi"]
[SourceDate "2009.01.23"]

1. e4 d5 2. exd5 Qxd5 3. Nf3 Bg4 4. Be2 Nc6 5. d4 O-O-O 6. c4 Qa5+ 7. Bd2 Qf5
8. d5 Ne5 9. Nxe5 Qxe5 10. Be3 Bxe2 11. Qxe2 e6 12. Nc3 Nf6 13. dxe6 Qxe6 14.
O-O Ng4 15. Bf4 Qxe2 16. Nxe2 Bd6 17. Bxd6 Rxd6 18. Rad1 Rhd8 19. Nc3 Rd2 20.
Nd5 Rxd1 21. Rxd1 Rd7 22. f3 Ne5 23. b3 c6 24. Ne3 Rxd1+ 25. Nxd1 Kc7 26. Nc3
Nd3 27. Kf1 Kd6 28. Ke2 Nf4+ 29. Kf2 Ke5 30. g3 Kd4 31. Ne4 Nd3+ 32. Ke2 f5 33.
Nd6 Kc3 34. Nxf5 g6 35. Nd6 Nc1+ 36. Ke3 b6 37. f4 a5 38. g4 Nd3 39. f5 gxf5
40. gxf5 Ne5 41. Ne4+ Kb2 42. f6 Kxa2 43. Kf4 Nf7 44. c5 b5 45. Nd6 Nh8 46. Kf5
a4 47. bxa4 bxa4 48. f7 Ng6 49. Nc4 Nf8 50. Kf6 Kb3 51. Ne5 1/2-1/2

[Event "Tancats Societat Coral Colon 2009 - MI"]
[Site "Sabadell ESP"]
[Date "2009.03.06"]
[Round "7.2"]
[White "Gual Pascual, Antonio"]
[Black "Ryan, Joseph"]
[Result "1-0"]
[WhiteElo "2447"]
[BlackElo "2281"]
[PlyCount "75"]
[EventDate "2009.01.23"]
[EventType "tourn"]
[EventRounds "9"]
[EventCountry "ESP"]
[EventCategory "2"]
[Source "lmi"]
[SourceDate "2009.01.23"]

1. d4 e6 2. c4 f5 3. g3 Nf6 4. Bg2 c6 5. Nf3 d5 6. O-O Bd6 7. Qc2 O-O 8. Nc3
Ne4 9. Rb1 Qe7 10. b4 Bd7 11. b5 Nxc3 12. Qxc3 cxb5 13. cxd5 exd5 14. Ng5 Bc6
15. Qb3 h6 16. Bxd5+ Bxd5 17. Qxd5+ Kh8 18. Ne6 Rf6 19. Nc5 Bxc5 20. dxc5 Nc6
21. Bb2 Rff8 22. Rbd1 Rad8 23. Qb3 Qxe2 24. Qc3 Qg4 25. Rd6 Rxd6 26. cxd6 b4
27. Qd2 Kh7 28. Re1 f4 29. d7 fxg3 30. hxg3 Rd8 31. Qd3+ Qg6 32. Qd5 Qg4 33.
Re6 Qg5 34. Qe4+ g6 35. Re8 h5 36. Qe6 Qf5 37. Qg8+ Kh6 38. Bc1+ 1-0

[Event "Tancats Societat Coral Colon 2009 - MI"]
[Site "Sabadell ESP"]
[Date "2009.03.06"]
[Round "7.3"]
[White "Dickl, Errol"]
[Black "Gonzalez, Raul Omar"]
[Result "0-1"]
[WhiteElo "2197"]
[BlackElo "2343"]
[PlyCount "74"]
[EventDate "2009.01.23"]
[EventType "tourn"]
[EventRounds "9"]
[EventCountry "ESP"]
[EventCategory "2"]
[Source "lmi"]
[SourceDate "2009.01.23"]

1. e4 d5 2. exd5 Qxd5 3. Nf3 Nf6 4. d4 Bg4 5. Be2 e6 6. a3 Nc6 7. c4 Qd8 8. Be3
Bd6 9. Nbd2 O-O 10. h3 Bh5 11. b4 a6 12. Qb3 Re8 13. Rd1 Qc8 14. c5 Bf8 15. Nc4
Nd5 16. Nce5 Nxe5 17. dxe5 Bxf3 18. Bxf3 c6 19. Bd4 Qc7 20. O-O Rad8 21. Be4
Rd7 22. Bb2 g6 23. f4 Bg7 24. Bxd5 Rxd5 25. Rxd5 exd5 26. g4 g5 27. Qg3 Re6 28.
Re1 gxf4 29. Qxf4 Qe7 30. g5 h6 31. h4 hxg5 32. hxg5 Rg6 33. Re2 Qxg5+ 34. Qxg5
Rxg5+ 35. Rg2 Bh6 36. Kf1 Rxg2 37. Kxg2 Kf8 0-1

[Event "Tancats Societat Coral Colon 2009 - MI"]
[Site "Sabadell ESP"]
[Date "2009.03.06"]
[Round "7.4"]
[White "Mellado Trivino, Juan"]
[Black "Pares Vives, Natalia"]
[Result "1/2-1/2"]
[WhiteElo "2436"]
[BlackElo "2288"]
[PlyCount "37"]
[EventDate "2009.01.23"]
[EventType "tourn"]
[EventRounds "9"]
[EventCountry "ESP"]
[EventCategory "2"]
[Source "lmi"]
[SourceDate "2009.01.23"]

1. e4 Nf6 2. e5 Nd5 3. d4 d6 4. c4 Nb6 5. exd6 cxd6 6. Nc3 g6 7. Be3 Bg7 8. Nf3
O-O 9. h3 Nc6 10. d5 Ne5 11. Nxe5 Bxe5 12. Rc1 e6 13. Be2 exd5 14. cxd5 Qh4 15.
Qb3 Bf5 16. a4 Rad8 17. g3 Qe7 18. a5 Nd7 19. g4 1/2-1/2

[Event "Tancats Societat Coral Colon 2009 - MI"]
[Site "Sabadell ESP"]
[Date "2009.03.13"]
[Round "8.1"]
[White "Gonzalez Rodriguez, Jorge A"]
[Black "Burgos Figueroa, Carlos E"]
[Result "1-0"]
[WhiteElo "2407"]
[BlackElo "2263"]
[PlyCount "111"]
[EventDate "2009.01.23"]
[EventType "tourn"]
[EventRounds "9"]
[EventCountry "ESP"]
[EventCategory "2"]
[Source "lmi"]
[SourceDate "2009.01.23"]

1. b3 Nf6 2. Bb2 g6 3. Bxf6 exf6 4. c4 Bg7 5. Nc3 f5 6. g3 d6 7. Bg2 Nc6 8. e3
Ne5 9. d4 Ng4 10. Nge2 c6 11. Qd3 h5 12. h3 Nf6 13. h4 O-O 14. Nf4 Bd7 15. b4
a5 16. b5 Re8 17. a4 Bh6 18. Kf1 Qe7 19. Bf3 Ne4 20. Kg2 Rac8 21. bxc6 bxc6 22.
Rab1 Bxf4 23. exf4 d5 24. c5 Rb8 25. Ne2 Qd8 26. Rxb8 Qxb8 27. Rb1 Qc7 28. Rb6
Ra8 29. Nc1 Bc8 30. Be2 Kg7 31. Qe3 Rb8 32. f3 Rxb6 33. cxb6 Qxb6 34. fxe4 fxe4
35. Qc3 Qc7 36. Kf2 Qd7 37. Bf1 Qg4 38. Nb3 Qd1 39. Nxa5 Qxa4 40. Be2 Qa2 41.
Nb3 Bg4 42. Nc1 Qa4 43. Bxg4 hxg4 44. f5 gxf5 45. Ne2 Qd1 46. Qc1 Qd3 47. Qe3
Qc2 48. Qg5+ Kf8 49. h5 Qd3 50. h6 Qf3+ 51. Ke1 Ke8 52. Qf4 Kf8 53. Qb8+ Ke7
54. Qc7+ Kf6 55. Qe5+ Kg6 56. Qg7+ 1-0

[Event "Tancats Societat Coral Colon 2009 - MI"]
[Site "Sabadell ESP"]
[Date "2009.03.13"]
[Round "8.2"]
[White "Pares Vives, Natalia"]
[Black "Tallo Dominguez, Imar"]
[Result "0-1"]
[WhiteElo "2288"]
[BlackElo "2087"]
[PlyCount "90"]
[EventDate "2009.01.23"]
[EventType "tourn"]
[EventRounds "9"]
[EventCountry "ESP"]
[EventCategory "2"]
[Source "lmi"]
[SourceDate "2009.01.23"]

1. Nf3 Nf6 2. b3 e6 3. Bb2 d5 4. c4 c5 5. e3 Nc6 6. Be2 d4 7. exd4 cxd4 8. d3
e5 9. a3 a5 10. O-O Bd6 11. Qc2 b6 12. Re1 O-O 13. Nbd2 h6 14. Bf1 Re8 15. g3
Bd7 16. Bg2 Ra7 17. Bc1 Qc8 18. Rb1 Bh3 19. Bh1 Rae7 20. Ne4 Nxe4 21. dxe4 Rc7
22. Nh4 Ne7 23. Qd3 g5 24. Nf3 f5 25. Nd2 f4 26. Bg2 Be6 27. gxf4 gxf4 28. Kh1
Ng6 29. Rg1 Kh7 30. Bf3 Rg8 31. Bb2 Nh4 32. Rxg8 Kxg8 33. Rg1+ Kh7 34. Bh5 Bh3
35. Bf3 Rg7 36. Rxg7+ Kxg7 37. Qb1 Nxf3 38. Nxf3 Bg2+ 39. Kxg2 Qg4+ 40. Kf1
Qxf3 41. Kg1 Qxb3 42. Qc1 Qf3 43. Qc2 d3 44. Qa4 Qg4+ 45. Kf1 d2 0-1

[Event "Tancats Societat Coral Colon 2009 - MI"]
[Site "Sabadell ESP"]
[Date "2009.03.13"]
[Round "8.4"]
[White "Ryan, Joseph"]
[Black "Dickl, Errol"]
[Result "0-1"]
[WhiteElo "2281"]
[BlackElo "2197"]
[PlyCount "106"]
[EventDate "2009.01.23"]
[EventType "tourn"]
[EventRounds "9"]
[EventCountry "ESP"]
[EventCategory "2"]
[Source "lmi"]
[SourceDate "2009.01.23"]

1. e4 g6 2. d4 Bg7 3. Nf3 d5 4. exd5 Qxd5 5. Nc3 Qa5 6. Bc4 Nh6 7. O-O c6 8. h3
O-O 9. Re1 Nf5 10. Bg5 Bf6 11. Bxf6 exf6 12. Ne4 Qd8 13. Qd2 Nd6 14. Nxd6 Qxd6
15. Rad1 b5 16. Bb3 a5 17. a3 Kg7 18. Re3 a4 19. Ba2 Na6 20. c3 Nc7 21. Rde1
Be6 22. Bxe6 fxe6 23. Re4 Rf7 24. Rh4 g5 25. Rhe4 Rg8 26. Qc1 h6 27. c4 Rb8 28.
R4e2 b4 29. Re3 c5 30. dxc5 Qxc5 31. Rd1 bxa3 32. Rxa3 Rb4 33. Rc3 e5 34. Ne1
Qc6 35. Rd8 Ne6 36. Rd2 Nc5 37. Rd1 Rfb7 38. Rc2 Nb3 39. Qe3 Nd4 40. Rcd2 Rxb2
41. Rxb2 Rxb2 42. Qa3 Rb7 43. Qd3 Rb3 44. Qd2 Qxc4 45. Kh2 a3 46. Rc1 Qe2 47.
Qa5 Qxf2 48. Qc7+ Kg6 49. Qd7 Rg3 50. Qe8+ Kf5 51. Qd7+ Kf4 52. Rc4 a2 53. Qe6
f5 0-1

[Event "Tancats Societat Coral Colon 2009 - MI"]
[Site "Sabadell ESP"]
[Date "2009.03.13"]
[Round "8.5"]
[White "Avila Jimenez, Javier"]
[Black "Gual Pascual, Antonio"]
[Result "0-1"]
[WhiteElo "2221"]
[BlackElo "2447"]
[PlyCount "100"]
[EventDate "2009.01.23"]
[EventType "tourn"]
[EventRounds "9"]
[EventCountry "ESP"]
[EventCategory "2"]
[Source "lmi"]
[SourceDate "2009.01.23"]

1. d4 d5 2. c4 e6 3. Nc3 Bb4 4. e3 Nf6 5. cxd5 exd5 6. a3 Bxc3+ 7. bxc3 O-O 8.
Bd3 b6 9. Ne2 c5 10. O-O Ba6 11. f3 Qd7 12. Ng3 Re8 13. Ra2 Bxd3 14. Qxd3 Qa4
15. e4 cxd4 16. cxd4 Nc6 17. e5 Nd7 18. Rd2 Na5 19. Nf5 Nc4 20. Rdf2 Nf8 21. f4
Rac8 22. Qf3 Qb5 23. Qg4 Ne6 24. Nh6+ Kf8 25. f5 Nxd4 26. Qxd4 Nxe5 27. f6 gxh6
28. Qf4 Re6 29. Qxh6+ Ke8 30. Qxh7 Qd3 31. Qg7 Qg6 32. Bh6 Kd7 33. Rd2 Rg8 34.
Qxg6 Rxg6 35. Bg7 Kc6 36. Rc1+ Nc4 37. Rf2 Re5 38. g3 b5 39. Kg2 Reg5 40. Re2
d4 41. Re7 d3 42. Rd1 Rd5 43. h4 d2 44. h5 Rxh5 45. Kf3 Rf5+ 46. Ke4 Rf2 47.
Rxf7 Rg4+ 48. Kd3 Ne5+ 49. Ke3 Rf3+ 50. Ke2 Re4+ 0-1

[Event "Tancats Societat Coral Colon 2009 - MI"]
[Site "Sabadell ESP"]
[Date "2009.03.20"]
[Round "9.2"]
[White "Dickl, Errol"]
[Black "Avila Jimenez, Javier"]
[Result "1/2-1/2"]
[WhiteElo "2197"]
[BlackElo "2221"]
[PlyCount "25"]
[EventDate "2009.01.23"]
[EventType "tourn"]
[EventRounds "9"]
[EventCountry "ESP"]
[EventCategory "2"]
[Source "lmi"]
[SourceDate "2009.01.23"]

1. e4 d5 2. exd5 Qxd5 3. Nf3 Bg4 4. Be2 Nc6 5. d4 O-O-O 6. c4 Qf5 7. Be3 Bxf3
8. Bxf3 Nxd4 9. Bxd4 Qe6+ 10. Be2 Qe4 11. Nc3 Qxd4 12. Qxd4 Rxd4 13. Nb5
1/2-1/2

[Event "Tancats Societat Coral Colon 2009 - MI"]
[Site "Sabadell ESP"]
[Date "2009.03.20"]
[Round "9.4"]
[White "Tallo Dominguez, Imar"]
[Black "Gonzalez, Raul Omar"]
[Result "0-1"]
[WhiteElo "2087"]
[BlackElo "2343"]
[PlyCount "86"]
[EventDate "2009.01.23"]
[EventType "tourn"]
[EventRounds "9"]
[EventCountry "ESP"]
[EventCategory "2"]
[Source "lmi"]
[SourceDate "2009.01.23"]

1. e4 c5 2. Nf3 Qc7 3. d4 cxd4 4. Nxd4 Nc6 5. Nc3 Nf6 6. Be2 a6 7. a3 e6 8. O-O
Nxd4 9. Qxd4 Bc5 10. Qd3 b5 11. Bg5 Bb7 12. Bf3 O-O 13. Rad1 Bc6 14. Ne2 Qe5
15. Bf4 Qxb2 16. Ra1 d5 17. Rfb1 dxe4 18. Qd2 Rad8 19. Rxb2 Rxd2 20. Bxd2 exf3
21. Nf4 Rd8 22. Ba5 Rd7 23. Rb3 Ng4 24. gxf3 Ne5 25. Kg2 h6 26. Nd3 Bxf3+ 27.
Kf1 Nxd3 28. Rxd3 Bd5 29. Kg1 g5 30. Bb4 Bb6 31. Rad1 f5 32. Bc3 Rc7 33. R1d2
Rc4 34. Bd4 Ba5 35. c3 Ra4 36. Bc5 Rg4+ 37. Kf1 Bc4 38. f3 Bxc3 39. fxg4 Bxd2
40. Ke2 Bf4 41. h3 Kf7 42. Bd4 Kg6 43. gxf5+ Kxf5 0-1